| 000 | 02632nam0a2200373 4500 | ||
|---|---|---|---|
| 001 | RU\NLR\bibl\1476162 | ||
| 005 | 20260409075418.0 | ||
| 010 |
_a978-5-7148-0328-4 _91000 |
||
| 021 |
_aRU _b2009-104466 _96649 |
||
| 035 | _a(nilc)RSL-KNO-004501547 | ||
| 035 | _a(NLR Aleph) 001467829 | ||
| 090 |
_a1624362 _c1624362 |
||
| 100 | _a20091221d2009 |||y0rusy50 ca | ||
| 101 | 0 | _arus | |
| 102 | _aRU | ||
| 105 | _aa ||||||||| | ||
| 200 | 1 |
_aЗдоровьесберегающая деятельность в системе образования: теория и практика _eучебное пособие _eдля студентов, обучающихся по специальностям 050703 "Дошкольная педагогика и психология", 050707 "Педагогика и методика дошкольного образования", 050711 "Социальная педагогика", 050720 "Физическая культура" _fКемер. гос. ун-т [и др. _gМ.С. Яницкий и др. _gпод науч. ред. Э.М. Казина, д.б.н., проф., засл. деят. науки РФ] |
|
| 210 |
_aКемерово _cИзд-во КРИПКиПРО _d2009 |
||
| 215 |
_a347 с. _cил. _d21 |
||
| 300 | _aНа обл. подзаг.: Учебное пособие для вузов и системы дополнительного профессионального образования | ||
| 300 | _aВ надзаг. также: Ин-т возрастной физиологии Рос. акад. образования, Деп. образования и науки Кемер. обл., Кузбас. рег. ин-т повышения квалификации и переподгот. работников образования, Кемер. обл. психол.-валеол. центр | ||
| 320 | _aБиблиогр.: с. 297-308 (143 назв.) | ||
| 606 |
_8rus _aВалеология в образовании _7ca _jУчебные издания _3RU\NLR\auth\661460203 _92456734 |
||
| 686 |
_aЧ421,6(2)354я73-1 _2rubbk |
||
| 686 |
_aР128.94-36я73-1 _2rubbk |
||
| 686 | _aЧ313.54я7 | ||
| 702 | 1 |
_aКазин _bЭ. М. _f1938- _gЭдуард Михайлович _4340 |
|
| 702 | 1 |
_4220 _8rus _7ca _aЯницкий _bМ. С. _f1966- _gМихаил Сергеевич _3RU\NLR\auth\7738790 _921774 |
|
| 712 | 0 | 2 |
_4570 _aКемеровский государственный университет _3RU\NLR\AUTH\8810945 _9294531 |
| 801 | 0 |
_aRU _bРГБ _c20091221 _grcr |
|
| 801 | 1 |
_aRU _bРГБ _c20091221 |
|
| 801 | 2 |
_aRU _bNLR _c20100220 _grcr |
|
| 942 | _cBOOK | ||
| 980 | _aNB | ||